| 000 | 00459 a2200169 4500 | ||
|---|---|---|---|
| 999 |
_c10150 _d10150 |
||
| 020 | _a9781846610363 | ||
| 050 | _aKF1365ALC 2007 | ||
| 100 |
_aAlcock Alistair _eauthor |
||
| 245 |
_aCompanies Act 2006 / _bThe new Law _cAlistair Alcock |
||
| 264 |
_aBritain : _bJordans, _c2007 |
||
| 300 | _a1364p.: | ||
| 500 | _aIncludes index | ||
| 650 | _aCompany Law | ||
| 700 |
_aJohn Birds _eauthor |
||
| 700 |
_aSteve Gale _eauthor |
||
| 942 |
_2lcc _cBK _h1365 _iALC _k2007 |
||